[Event "Catalunya-chT Gp2"]
[Site "Barcelona"]
[Date "2024.03.02"]
[Round "7.2"]
[White "Granados Gomez, Manuel"]
[Black "Chigaev, Maksim"]
[Result "0-1"]
[WhiteElo "2366"]
[BlackElo "2622"]
[PlyCount "84"]
[EventDate "2024.01.20"]
[EventType "team-tourn"]
[EventRounds "7"]
[EventCountry "ESP"]
[SourceTitle "CB11_2024"]
[SourceDate "2024.03.13"]
[SourceVersion "1"]
[SourceVersionDate "2024.03.13"]
[SourceQuality "1"]
[WhiteTeam "Foment Martinenc"]
[BlackTeam "Platja D'Aro"]
[WhiteTeamCountry "ESP"]
[BlackTeamCountry "ESP"]

1. c4 e5 2. g3 c6 3. Bg2 d5 4. cxd5 cxd5 5. d4 e4 6. Nc3 Bb4 7. f3 Bf5 8. Nh3 exf3 9. exf3 Ne7 10. 0-0 0-0 11. Nf4 Nbc6 12. Be3 Na5 13. Na4 Ng6 14. Nxg6 Bxg6 15. f4 Nc4 16. Bf2 Rc8 17. Nc5 b6 18. Nd3 Be7 19. b3 Nd6 20. Nb4 Ne4 21. Be1 Qd7 22. g4 f6 23. Nxd5 Qxd5 24. f5 Bd6 25. fxg6 hxg6 26. Qd3 f5 27. Rd1 a5 28. Bg3 Bxg3 29. hxg3 Qd6 30. Bxe4 fxe4 31. Qe3 Qe6 32. Rxf8+ Rxf8 33. Rf1 Qxg4 34. Rxf8+ Kxf8 35. d5 Qd1+ 36. Kg2 Qxd5 37. Qxb6 e3+ 38. Kh3 Qh5+ 39. Kg2 Qd5+ 40. Kh3 Qh1+ 41. Kg4 Qe4+ 42. Kh3 e2 0-1

[Event "Catalunya-chT Gp2"]
[Site "Barcelona"]
[Date "2024.02.10"]
[Round "4.2"]
[White "Movsziszian, Karen"]
[Black "Granados Gomez, Manuel"]
[Result "1-0"]
[WhiteElo "2434"]
[BlackElo "2366"]
[PlyCount "85"]
[EventDate "2024.01.20"]
[EventType "team-tourn"]
[EventRounds "7"]
[EventCountry "ESP"]
[SourceTitle "CB11_2024"]
[SourceDate "2024.03.13"]
[SourceVersion "1"]
[SourceVersionDate "2024.03.13"]
[SourceQuality "1"]
[WhiteTeam "Sant Andreu"]
[BlackTeam "Foment Martinenc"]
[WhiteTeamCountry "ESP"]
[BlackTeamCountry "ESP"]

1. g3 d5 2. Nf3 c6 3. Bg2 Bg4 4. d3 Nd7 5. 0-0 Ngf6 6. Nbd2 e5 7. e4 dxe4 8. dxe4 Bc5 9. h3 Bh5 10. Qe1 0-0 11. a4 a5 12. Nc4 Re8 13. Bd2 b6 14. Nh4 Qc7 15. Kh1 Nf8 16. f4 exf4 17. Bxf4 Qd7 18. Nf5 Qe6 19. Ncd6 Red8 20. g4 Bg6 21. Nb7 Rd7 22. Nxc5 bxc5 23. Qc3 Rb7 24. Rae1 Rb4 25. Nxg7 Kxg7 26. g5 Kg8 27. Qxf6 Bxe4 28. Bxe4 Rxe4 29. Qxe6 Rxe6 30. b3 c4 31. bxc4 Rae8 32. Bd2 Rd8 33. Bc3 Rxe1 34. Rxe1 Ne6 35. h4 Nc5 36. Bxa5 Ra8 37. Bc3 Nxa4 38. Ra1 Nb6 39. Rxa8+ Nxa8 40. Ba5 f6 41. Kg2 fxg5 42. hxg5 Kf7 43. Kf3 1-0

[Event "Catalunya-chT Gp1"]
[Site "Barcelona"]
[Date "2023.02.25"]
[Round "6.2"]
[White "Munoz Pantoja, Miguel Angel"]
[Black "Granados Gomez, Manuel"]
[Result "0-1"]
[WhiteElo "2359"]
[BlackElo "2356"]
[PlyCount "62"]
[EventDate "2023.01.21"]
[EventType "team-tourn"]
[EventRounds "7"]
[EventCountry "ESP"]
[SourceTitle "CBM 213 Extra"]
[Source "ChessBase"]
[SourceDate "2023.05.31"]
[SourceVersion "1"]
[SourceVersionDate "2023.05.31"]
[SourceQuality "1"]
[WhiteTeam "Lira Vendrellenca"]
[BlackTeam "Foment Martinenc"]
[WhiteTeamCountry "ESP"]
[BlackTeamCountry "ESP"]

1. e4 e5 2. Nf3 Nc6 3. Bc4 Nf6 4. Ng5 d5 5. exd5 Na5 6. Bb5+ c6 7. dxc6 bxc6 8. Be2 h6 9. Nf3 e4 10. Ne5 Qd4 11. f4 Bc5 12. Rf1 Bd6 13. c3 Qd5 14. b4 Bxe5 15. fxe5 Qxe5 16. bxa5 Qxh2 17. Ba3 Qg3+ 18. Rf2 e3 19. dxe3 Ne4 20. Qa4 Qxf2+ 21. Kd1 Qxe3 22. Qxc6+ Kd8 23. Qxa8 Kc7 24. Bd6+ Kxd6 25. Qb8+ Ke6 26. Bc4+ Kf6 27. Qc7 Be6 28. Bxe6 fxe6 29. Kc2 Qe2+ 30. Kb3 Qd1+ 31. Kb2 Nd6 0-1

[Event "Catalunya-chT Gp1"]
[Site "Barcelona"]
[Date "2023.02.04"]
[Round "3.2"]
[White "Granados Gomez, Manuel"]
[Black "Fernandez Guillen, Ernesto J"]
[Result "1-0"]
[WhiteElo "2356"]
[BlackElo "2454"]
[PlyCount "121"]
[EventDate "2023.01.21"]
[EventType "team-tourn"]
[EventRounds "7"]
[EventCountry "ESP"]
[SourceTitle "CBM 213 Extra"]
[Source "ChessBase"]
[SourceDate "2023.05.31"]
[SourceVersion "1"]
[SourceVersionDate "2023.05.31"]
[SourceQuality "1"]
[WhiteTeam "Foment Martinenc"]
[BlackTeam "Sant Cugat"]
[WhiteTeamCountry "ESP"]
[BlackTeamCountry "ESP"]

1. c4 e5 2. Nc3 Nc6 3. g3 f5 4. Bg2 Nf6 5. d3 h6 6. e4 fxe4 7. Nxe4 Bb4+ 8. Bd2 Bxd2+ 9. Qxd2 0-0 10. Ne2 d6 11. 0-0 Bf5 12. Nxf6+ Qxf6 13. b4 Rae8 14. b5 Nd8 15. d4 exd4 16. Nxd4 Be4 17. f3 Bg6 18. Rac1 b6 19. f4 Be4 20. Rce1 Bxg2 21. Kxg2 Kh8 22. f5 Rxe1 23. Rxe1 d5 24. cxd5 Qd6 25. Ne6 Rxf5 26. Nf4 Kg8 27. Re8+ Rf8 28. Rxf8+ Kxf8 29. h4 Kf7 30. h5 Qe5 31. Qd3 Ke8 32. Kf3 Kd7 33. Qe4 Qb2 34. Ne6 Qc3+ 35. Kg4 Nf7 36. Nd4 Ng5 37. Qe5 Qd3 38. Qxg7+ Kc8 39. Qe5 Qd1+ 40. Ne2 Qa4+ 41. Kf5 Qc2+ 42. Kf6 Ne4+ 43. Ke7 Qxe2 44. Qe6+ Kb7 45. Kd8 a5 46. Qc6+ Kb8 47. Qxc7+ Ka8 48. Qc6+ Kb8 49. Qxb6+ Ka8 50. Qxa5+ Kb7 51. b6 Qa6 52. Qxa6+ Kxa6 53. Kc7 Nc3 54. d6 Nd5+ 55. Kc6 Nb4+ 56. Kc5 Nd3+ 57. Kc4 Nb2+ 58. Kd4 Kxb6 59. g4 Na4 60. g5 Nc5 61. gxh6 1-0

[Event "Catalunya-chT Gp1"]
[Site "Barcelona"]
[Date "2022.03.05"]
[Round "7.1"]
[White "Garriga Cazorla, Pere"]
[Black "Granados Gomez, Manuel"]
[Result "1-0"]
[WhiteElo "2489"]
[BlackElo "2359"]
[PlyCount "37"]
[EventDate "2022.01.22"]
[EventType "team-tourn"]
[EventRounds "9"]
[EventCountry "ESP"]
[SourceTitle "CBM 208 Extra"]
[Source "ChessBase"]
[SourceDate "2022.07.31"]
[SourceVersion "1"]
[SourceVersionDate "2022.07.31"]
[SourceQuality "1"]
[WhiteTeam "Mollet"]
[BlackTeam "Foment Martinenc"]
[WhiteTeamCountry "ESP"]
[BlackTeamCountry "ESP"]

1. d4 d5 2. c4 c6 3. Nf3 Nf6 4. e3 Bf5 5. Nc3 e6 6. Nh4 Bg6 7. Nxg6 hxg6 8. g3 Nbd7 9. Bg2 Bd6 10. Qb3 Qc7 11. 0-0 Ng4 12. cxd5 Nxh2 13. dxe6 Nf6 14. exf7+ Ke7 15. e4 Bxg3 16. fxg3 Nxf1 17. Bf4 Qd7 18. Qb4+ Kxf7 19. Rxf1 1-0

[Event "Catalunya-chT Gp1"]
[Site "Barcelona"]
[Date "2020.02.29"]
[Round "7.2"]
[White "Rahal, Michael"]
[Black "Granados Gomez, Manuel"]
[Result "1/2-1/2"]
[WhiteElo "2317"]
[BlackElo "2374"]
[PlyCount "30"]
[EventDate "2020.01.18"]
[EventType "team-tourn"]
[EventRounds "7"]
[EventCountry "ESP"]
[SourceTitle "CBM 195 Extra"]
[Source "ChessBase"]
[SourceDate "2020.05.31"]
[SourceVersion "1"]
[SourceVersionDate "2020.05.31"]
[SourceQuality "1"]
[WhiteTeam "Sant Cugat"]
[BlackTeam "Foment Martinenc"]
[WhiteTeamCountry "ESP"]
[BlackTeamCountry "ESP"]

1. d4 Nf6 2. Nf3 d5 3. c4 e6 4. e3 b6 5. Nc3 Be7 6. Bd3 Bb7 7. 0-0 0-0 8. Qc2 Nbd7 9. b3 Ne4 10. Bb2 f5 11. cxd5 exd5 12. Ne5 Nxe5 13. dxe5 a6 14. Rfd1 Nxc3 15. Bxc3 Qe8 1/2-1/2

[Event "Catalunya-chT Gp1"]
[Site "Barcelona"]
[Date "2020.02.01"]
[Round "3.3"]
[White "Escuder Vilaltella, Jordi"]
[Black "Granados Gomez, Manuel"]
[Result "1/2-1/2"]
[WhiteElo "2258"]
[BlackElo "2374"]
[PlyCount "26"]
[EventDate "2020.01.18"]
[EventType "team-tourn"]
[EventRounds "7"]
[EventCountry "ESP"]
[SourceTitle "CBM 194 Extra"]
[Source "ChessBase"]
[SourceDate "2020.03.31"]
[SourceVersion "1"]
[SourceVersionDate "2020.03.31"]
[SourceQuality "1"]
[WhiteTeam "Tres Peons"]
[BlackTeam "Foment Martinenc"]
[WhiteTeamCountry "ESP"]
[BlackTeamCountry "ESP"]

1. e4 c5 2. Nf3 Nc6 3. d4 cxd4 4. Nxd4 e5 5. Nb5 d6 6. N1c3 a6 7. Na3 b5 8. Nd5 Nf6 9. Bg5 Be7 10. Bxf6 Bxf6 11. c3 0-0 12. g3 Be6 13. Bg2 Bxd5 1/2-1/2

[Event "Catalunya-chT Gp1"]
[Site "Barcelona"]
[Date "2020.01.18"]
[Round "1.2"]
[White "Granados Gomez, Manuel"]
[Black "Gual Pascual, Antonio"]
[Result "1-0"]
[WhiteElo "2374"]
[BlackElo "2351"]
[PlyCount "51"]
[EventDate "2020.01.18"]
[EventType "team-tourn"]
[EventRounds "7"]
[EventCountry "ESP"]
[SourceTitle "CBM 194 Extra"]
[Source "ChessBase"]
[SourceDate "2020.03.31"]
[SourceVersion "1"]
[SourceVersionDate "2020.03.31"]
[SourceQuality "1"]
[WhiteTeam "Foment Martinenc"]
[BlackTeam "Cerdanyola Valles"]
[WhiteTeamCountry "ESP"]
[BlackTeamCountry "ESP"]

1. c4 g6 2. g3 Bg7 3. Bg2 e5 4. Nc3 d6 5. d3 f5 6. Nf3 Nf6 7. Bg5 c6 8. 0-0 0-0 9. Nd2 h6 10. Bxf6 Qxf6 11. Rb1 h5 12. b4 h4 13. b5 Be6 14. bxc6 bxc6 15. Nb3 e4 16. Rc1 hxg3 17. hxg3 a5 18. dxe4 Bxc4 19. exf5 Ra7 20. Ne4 Qe5 21. f6 Bh6 22. Rxc4 d5 23. Rc5 a4 24. Nd4 Rh7 25. Nc3 Nd7 26. Nxc6 1-0

[Event "Catalunya-chT GpB final"]
[Site "Barcelona"]
[Date "2019.03.23"]
[Round "3.2"]
[White "Gual Pascual, Antonio"]
[Black "Granados Gomez, Manuel"]
[Result "0-1"]
[WhiteElo "2362"]
[BlackElo "2372"]
[PlyCount "58"]
[EventDate "2019.03.09"]
[EventType "team-tourn"]
[EventRounds "4"]
[EventCountry "ESP"]
[SourceTitle "EXT 2020"]
[Source "ChessBase"]
[SourceDate "2019.10.17"]
[SourceVersion "1"]
[SourceVersionDate "2019.10.17"]
[SourceQuality "1"]
[WhiteTeam "Cerdanyola Valles"]
[BlackTeam "Foment Martinenc"]
[WhiteTeamCountry "ESP"]
[BlackTeamCountry "ESP"]

1. d4 d5 2. c4 c6 3. cxd5 cxd5 4. Bg5 Nc6 5. Nc3 f6 6. e4 fxg5 7. exd5 Nb8 8. Nf3 Nf6 9. Bc4 Bg4 10. Qa4+ Bd7 11. Qb3 Qb6 12. Nxg5 g6 13. d6 Qxb3 14. axb3 e6 15. 0-0 h6 16. Nxe6 Bxe6 17. Rfe1 Kf7 18. Rxe6 Kg7 19. Nb5 Nc6 20. Rae1 Rc8 21. h3 a6 22. Rxf6 Kxf6 23. Re6+ Kg7 24. d7 Rd8 25. Nc7 Be7 26. Re4 Rxd7 27. Ne6+ Kh7 28. Bd3 Rg8 29. Rf4 Bg5 0-1

[Event "Catalunya-chT Gp1"]
[Site "Barcelona"]
[Date "2019.02.16"]
[Round "5.2"]
[White "Granados Gomez, Manuel"]
[Black "Sosa, Tomas Sebastian"]
[Result "0-1"]
[WhiteElo "2372"]
[BlackElo "2499"]
[PlyCount "93"]
[EventDate "2019.01.19"]
[EventType "team-tourn"]
[EventRounds "7"]
[EventCountry "ESP"]
[SourceTitle "CBM 189 Extra"]
[Source "ChessBase"]
[SourceDate "2019.06.03"]
[SourceVersion "1"]
[SourceVersionDate "2019.06.03"]
[SourceQuality "1"]
[WhiteTeam "Foment Martinenc"]
[BlackTeam "Mollet"]
[WhiteTeamCountry "ESP"]
[BlackTeamCountry "ESP"]

1. e4 c5 2. c4 Nc6 3. Nc3 g6 4. g3 Bg7 5. Bg2 e6 6. Nge2 Nge7 7. 0-0 0-0 8. d3 d6 9. Be3 Nd4 10. Qd2 Qd7 11. Bh6 Nxe2+ 12. Nxe2 b5 13. Bxg7 Kxg7 14. f4 Rb8 15. b3 f5 16. exf5 Nxf5 17. g4 Nh4 18. Ng3 Nxg2 19. Qxg2 Bb7 20. Ne4 Kg8 21. f5 exf5 22. gxf5 Rxf5 23. Rxf5 Qxf5 24. Rf1 Bxe4 25. dxe4 Qe6 26. cxb5 Rxb5 27. e5 Rb8 28. exd6 Qxd6 29. Qe4 Rd8 30. Qc4+ Kh8 31. Qc3+ Qd4+ 32. Qxd4+ cxd4 33. b4 Kg7 34. a4 Re8 35. Rb1 Kf6 36. b5 Ke5 37. a5 d3 38. Kf2 Kd4 39. b6 axb6 40. axb6 d2 41. b7 Rb8 42. Ke2 Kc3 43. Ra1 Re8+ 44. Kf2 Kb2 45. Ra8 d1Q 46. Rxe8 Qd4+ 47. Kg3 0-1

[Event "Catalunya-chT Gp1"]
[Site "Barcelona"]
[Date "2019.02.09"]
[Round "4.2"]
[White "Pogorelov, Ruslan"]
[Black "Granados Gomez, Manuel"]
[Result "1/2-1/2"]
[WhiteElo "2357"]
[BlackElo "2372"]
[PlyCount "241"]
[EventDate "2019.01.19"]
[EventType "team-tourn"]
[EventRounds "7"]
[EventCountry "ESP"]
[SourceTitle "CBM 188 Extra"]
[Source "ChessBase"]
[SourceDate "2019.02.26"]
[SourceVersion "1"]
[SourceVersionDate "2019.02.26"]
[SourceQuality "1"]
[WhiteTeam "Salou Escola Escacs"]
[BlackTeam "Foment Martinenc"]
[WhiteTeamCountry "ESP"]
[BlackTeamCountry "ESP"]

1. Nf3 d5 2. d4 Nf6 3. c4 c6 4. Nc3 dxc4 5. a4 Bf5 6. Ne5 Nbd7 7. Nxc4 Nd5 8. f3 e5 9. e4 Nxc3 10. bxc3 Bxe4 11. fxe4 Qh4+ 12. Kd2 exd4 13. cxd4 0-0-0 14. Qf3 Nc5 15. Bb2 Ne6 16. Bd3 Bb4+ 17. Kc2 Rxd4 18. Qg3 Qe7 19. Bxd4 Nxd4+ 20. Kb2 Rd8 21. Rhd1 Ba5 22. Ra3 Bb4 23. Raa1 Ba5 24. Bc2 Bb4 25. Qe5 Qd7 26. Rxd4 Qxd4+ 27. Qxd4 Rxd4 28. Kb3 Bc5 29. Rf1 f6 30. Rf5 b6 31. g4 h6 32. h4 Kd7 33. h5 Ke6 34. Kc3 Rd7 35. Bd3 Bd4+ 36. Kc2 a6 37. Nd2 b5 38. Nf3 Ba1 39. axb5 axb5 40. Nh4 Ra7 41. Ng6 Bd4 42. Nf4+ Ke7 43. Ne2 Be5 44. Nc1 Kd6 45. Rf3 Ra4 46. Kd1 Ra1 47. Kd2 Ra3 48. Rf1 Ra1 49. Kc2 Kc7 50. Kd2 Kb6 51. Nb3 Ra2+ 52. Bc2 c5 53. Rb1 c4 54. Nc1 Ra3 55. Ne2 Ka5 56. Ke1 b4 57. Kf2 b3 58. Bd1 Kb4 59. Ke3 b2+ 60. Kd2 Rh3 61. Bc2 c3+ 62. Ke1 Rh2 63. Kf1 Bg3 64. Bd3 Be5 65. Bc2 Bd6 66. Rd1 Bc5 67. Rd7 Rh1+ 68. Kg2 Rc1 69. Bd3 Bb6 70. Rb7 Kc5 71. Rb8 c2 72. Rc8+ Kd6 73. Rxc2 b1Q 74. Nxc1 Qa1 75. Kf3 Bc5 76. Rc4 Ba3 77. Ne2 Qh1+ 78. Kg3 Bb2 79. Kf2 Be5 80. Rc1 Qh2+ 81. Ke3 Qh3+ 82. Kd2 Qxg4 83. Rg1 Qxh5 84. Rxg7 f5 85. Rg8 f4 86. Rd8+ Ke7 87. Rd5 f3 88. Nd4 Qh2+ 89. Kc3 f2 90. Kc4 Bxd4 91. Kxd4 Qg1 92. Re5+ Kd6 93. Rd5+ Kc7 94. Rc5+ Kd6 95. Rd5+ Ke7 96. Re5+ Kf6 97. Rf5+ Kg6 98. Kc4 Qc1+ 99. Kd4 Qd2 100. Rf3 Kg5 101. e5 Kg4 102. Rf7 Qb4+ 103. Ke3 Qc5+ 104. Ke4 Qc6+ 105. Ke3 Qd5 106. Rxf2 Qxe5+ 107. Be4 Qc5+ 108. Ke2 Qd4 109. Bf3+ Kf4 110. Bb7+ Ke5 111. Bf3 Qc3 112. Bg2 h5 113. Rf3 Qc2+ 114. Kf1 h4 115. Kg1 Qc7 116. Rh3 Qc1+ 117. Kh2 Qf4+ 118. Kg1 Qg5 119. Kh2 Kf4 120. Rf3+ Kg4 121. Kg1 1/2-1/2

[Event "Catalunya-chT Gp1"]
[Site "Barcelona"]
[Date "2019.02.02"]
[Round "3.2"]
[White "Granados Gomez, Manuel"]
[Black "Cruz, Jonathan"]
[Result "1-0"]
[WhiteElo "2372"]
[BlackElo "2415"]
[PlyCount "121"]
[EventDate "2019.01.19"]
[EventType "team-tourn"]
[EventRounds "7"]
[EventCountry "ESP"]
[SourceTitle "CBM 188 Extra"]
[Source "ChessBase"]
[SourceDate "2019.02.26"]
[SourceVersion "1"]
[SourceVersionDate "2019.02.26"]
[SourceQuality "1"]
[WhiteTeam "Foment Martinenc"]
[BlackTeam "Sant Andreu"]
[WhiteTeamCountry "ESP"]
[BlackTeamCountry "ESP"]

1. e4 e5 2. Nf3 Nc6 3. Bc4 Nf6 4. d3 Bc5 5. c3 d6 6. h3 Bb6 7. Nbd2 Nh5 8. Nxe5 Bxf2+ 9. Kxf2 Qh4+ 10. Kg1 Nxe5 11. Nf3 Nxf3+ 12. Qxf3 Be6 13. Bxe6 fxe6 14. Be3 Rf8 15. Qg4 Qxg4 16. hxg4 Nf6 17. g5 Ng4 18. Re1 Kf7 19. Rxh7 Kg6 20. Rh4 Ne5 21. d4 Nc4 22. Bc1 a5 23. Rh3 d5 24. b3 Nd6 25. Ba3 dxe4 26. Bxd6 cxd6 27. Rxe4 Rfe8 28. Rhe3 Kf7 29. g6+ Kf6 30. Rf3+ Kg5 31. Rf7 b5 32. Rxg7 b4 33. c4 e5 34. Re3 exd4 35. Rg3+ Kf4 36. Rf3+ Kg5 37. Rd7 Kxg6 38. Rxd6+ Kg5 39. Rd5+ Kg6 40. Rxd4 Re2 41. Rf2 Re1+ 42. Kh2 Rh8+ 43. Kg3 Re3+ 44. Rf3 Rhe8 45. c5 Re2 46. Rc4 Rc8 47. c6 Rc7 48. Rg4+ Kh5 49. Rf5+ Kh6 50. Rf1 Re5 51. Rh1+ Rh5 52. Rxh5+ Kxh5 53. Rc4 Kg5 54. Kf3 Kf5 55. g4+ Ke5 56. Ke3 Kd6 57. Kd4 a4 58. g5 axb3 59. axb3 Rc8 60. c7 Kd7 61. Rc5 1-0

[Event "Catalunya-chT GpB final"]
[Site "Barcelona"]
[Date "2018.03.10"]
[Round "1.2"]
[White "Gual Pascual, Antonio"]
[Black "Granados Gomez, Manuel"]
[Result "1-0"]
[WhiteElo "2389"]
[BlackElo "2389"]
[PlyCount "75"]
[EventDate "2018.03.10"]
[EventType "team-tourn"]
[EventRounds "4"]
[EventCountry "ESP"]
[SourceTitle "CBM 183 Extra"]
[Source "ChessBase"]
[SourceDate "2018.04.19"]
[SourceVersion "1"]
[SourceVersionDate "2018.04.19"]
[SourceQuality "1"]
[WhiteTeam "Cerdanyola Valles"]
[BlackTeam "Foment Martinenc"]
[WhiteTeamCountry "ESP"]
[BlackTeamCountry "ESP"]

1. d4 d5 2. Bf4 Nf6 3. e3 c5 4. Nf3 Nc6 5. Nbd2 cxd4 6. exd4 Bf5 7. c3 h6 8. Qb3 Na5 9. Qa4+ Bd7 10. Qc2 Rc8 11. Bd3 Qb6 12. Ne5 Bb5 13. Bg6 fxg6 14. Qxg6+ Kd8 15. Nf7+ Kd7 16. Nf3 Qe6+ 17. N3e5+ Kc7 18. 0-0-0 Kb6 19. Rhe1 Ka6 20. Nxh8 Be8 21. Qd3+ Bb5 22. Qc2 g5 23. Bg3 Ne4 24. f3 Nxg3 25. hxg3 Bg7 26. Nhg6 Be8 27. f4 Qd6 28. f5 b6 29. b4 Bxg6 30. Nxg6 Nc6 31. Kb1 Bf6 32. Qd3+ Kb7 33. Re6 Qd7 34. Rde1 Rc7 35. Ne5 Bxe5 36. dxe5 d4 37. Qe4 dxc3 38. Rxc6 1-0

[Event "Catalunya-chT Gp1"]
[Site "Barcelona"]
[Date "2018.03.03"]
[Round "7.2"]
[White "Granados Gomez, Manuel"]
[Black "Barbero Sendic, Alejandro"]
[Result "1/2-1/2"]
[WhiteElo "2389"]
[BlackElo "2407"]
[PlyCount "90"]
[EventDate "2018.01.20"]
[EventType "team-tourn"]
[EventRounds "7"]
[EventCountry "ESP"]
[SourceTitle "EXT 2019"]
[Source "ChessBase"]
[SourceDate "2018.10.10"]
[SourceVersion "1"]
[SourceVersionDate "2018.10.10"]
[SourceQuality "1"]
[WhiteTeam "Foment Martinenc"]
[BlackTeam "Lleida"]
[WhiteTeamCountry "ESP"]
[BlackTeamCountry "ESP"]

1. c4 e6 2. Nf3 d5 3. e3 Nf6 4. b3 c5 5. Be2 d4 6. d3 Nc6 7. 0-0 Be7 8. e4 h6 9. Ne1 g5 10. g3 e5 11. Ng2 Bh3 12. Kh1 Qd7 13. Nd2 0-0-0 14. Nf3 Nh7 15. Ng1 Be6 16. f4 Qd6 17. f5 Bd7 18. Bh5 Be8 19. a3 Nf6 20. Bd2 Nb8 21. b4 Nbd7 22. bxc5 Nxc5 23. Bb4 Qc7 24. Bxc5 Bxc5 25. Ne1 Bc6 26. h3 Rdf8 27. Nc2 Ba4 28. Be2 Rd8 29. Qd2 a5 30. Nb4 Kb8 31. Rfb1 Ka8 32. Nf3 Rhe8 33. Nh2 Ba7 34. Ra2 Rd6 35. Nd5 Nxd5 36. exd5 e4 37. dxe4 Rxe4 38. Rab2 Rb6 39. Bf3 Re3 40. Qxa5 Rxb2 41. Qxc7 Rxb1+ 42. Kg2 Rb2+ 43. Kg1 Rb1+ 44. Kg2 Rb2+ 45. Kg1 Rb1+ 1/2-1/2

[Event "Catalunya-chT Gp1"]
[Site "Barcelona"]
[Date "2018.02.17"]
[Round "5.2"]
[White "Cruz Estrada, Filemon"]
[Black "Granados Gomez, Manuel"]
[Result "1/2-1/2"]
[WhiteElo "2303"]
[BlackElo "2389"]
[PlyCount "33"]
[EventDate "2018.01.20"]
[EventType "team-tourn"]
[EventRounds "7"]
[EventCountry "ESP"]
[SourceTitle "EXT 2019"]
[Source "ChessBase"]
[SourceDate "2018.10.10"]
[SourceVersion "1"]
[SourceVersionDate "2018.10.10"]
[SourceQuality "1"]
[WhiteTeam "Tres Peons"]
[BlackTeam "Foment Martinenc"]
[WhiteTeamCountry "ESP"]
[BlackTeamCountry "ESP"]

1. c4 e5 2. g3 Nf6 3. Bg2 d5 4. cxd5 Nxd5 5. Nc3 Nb6 6. Nf3 Nc6 7. d3 Be7 8. Be3 0-0 9. 0-0 Re8 10. Rc1 Bf8 11. Ne4 Nd4 12. Nc5 Nxf3+ 13. Bxf3 Nd5 14. Bd2 c6 15. b4 b6 16. Na4 Bh3 17. Re1 1/2-1/2

[Event "Catalunya-chT GpB final"]
[Site "Barcelona"]
[Date "2017.03.18"]
[Round "2.2"]
[White "Barbero Sendic, Alejandro"]
[Black "Granados Gomez, Manuel"]
[Result "1/2-1/2"]
[WhiteElo "2344"]
[BlackElo "2397"]
[PlyCount "73"]
[EventDate "2017.03.11"]
[EventType "team-tourn"]
[EventRounds "11"]
[EventCountry "ESP"]
[SourceTitle "CBM 177 Extra"]
[Source "ChessBase"]
[SourceDate "2017.04.27"]
[SourceVersion "1"]
[SourceVersionDate "2017.04.27"]
[SourceQuality "1"]
[WhiteTeam "Lleida"]
[BlackTeam "Foment Martinenc"]
[WhiteTeamCountry "ESP"]
[BlackTeamCountry "ESP"]

1. e4 c5 2. Nf3 Nc6 3. d4 cxd4 4. Nxd4 e5 5. Nb5 d6 6. N1c3 a6 7. Na3 Nf6 8. Nc4 Be7 9. Be3 b5 10. Nb6 Rb8 11. Nxc8 Rxc8 12. a4 b4 13. Nd5 Nxd5 14. Qxd5 Nd4 15. Bxd4 exd4 16. Bxa6 Rc5 17. Bb5+ Kf8 18. Qb3 Qa5 19. 0-0 g6 20. f4 Kg7 21. Rad1 Bf6 22. Rd2 Qa7 23. Kh1 Rhc8 24. Rdf2 R8c7 25. Qd3 h5 26. e5 dxe5 27. fxe5 Bh4 28. Rf4 Bg5 29. Rxd4 Rxc2 30. Rc4 R2xc4 31. Bxc4 Qc5 32. Bd5 Qe3 33. Qxe3 Bxe3 34. e6 fxe6 35. Bxe6 h4 36. a5 Rc6 37. Bd5 1/2-1/2

[Event "Catalunya-chT GpB final"]
[Site "Barcelona"]
[Date "2017.03.11"]
[Round "1.2"]
[White "Granados Gomez, Manuel"]
[Black "Vehi Bach, Victor Manuel"]
[Result "1/2-1/2"]
[WhiteElo "2397"]
[BlackElo "2310"]
[PlyCount "32"]
[EventDate "2017.03.11"]
[EventType "team-tourn"]
[EventRounds "11"]
[EventCountry "ESP"]
[SourceTitle "CBM 177 Extra"]
[Source "ChessBase"]
[SourceDate "2017.04.27"]
[SourceVersion "1"]
[SourceVersionDate "2017.04.27"]
[SourceQuality "1"]
[WhiteTeam "Foment Martinenc"]
[BlackTeam "Montcada"]
[WhiteTeamCountry "ESP"]
[BlackTeamCountry "ESP"]

1. c4 e6 2. Nf3 d5 3. e3 Nf6 4. d4 b6 5. Bd3 Bb7 6. 0-0 Bd6 7. b3 0-0 8. Bb2 Nbd7 9. Nc3 a6 10. Qe2 Ne4 11. Rfd1 Qe7 12. Nd2 Nxc3 13. Bxc3 c5 14. dxc5 Nxc5 15. Bc2 Rac8 16. Rac1 a5 1/2-1/2

[Event "Catalunya-chT Gp2"]
[Site "Barcelona"]
[Date "2017.02.25"]
[Round "6.2"]
[White "Granados Gomez, Manuel"]
[Black "Dorca Dilme, Ramon"]
[Result "1-0"]
[WhiteElo "2397"]
[BlackElo "2229"]
[PlyCount "86"]
[EventDate "2017.01.21"]
[EventType "team-tourn"]
[EventRounds "7"]
[EventCountry "ESP"]
[SourceTitle "EXT 2018"]
[Source "ChessBase"]
[SourceDate "2017.10.13"]
[SourceVersion "1"]
[SourceVersionDate "2017.10.13"]
[SourceQuality "1"]
[WhiteTeam "Foment Martinenc"]
[BlackTeam "Banyoles"]
[WhiteTeamCountry "ESP"]
[BlackTeamCountry "ESP"]

1. c4 f5 2. g3 Nf6 3. Bg2 g6 4. d4 Bg7 5. Nh3 0-0 6. 0-0 d6 7. d5 c6 8. Nc3 e5 9. dxe6 Bxe6 10. Qb3 Qc7 11. Ng5 Bf7 12. Bf4 Na6 13. Nxf7 Rxf7 14. Rad1 Rd8 15. Qa3 Ne8 16. b4 Qc8 17. Rc1 Nac7 18. Qxa7 Ne6 19. Qa3 Nf6 20. b5 Nxf4 21. gxf4 Rc7 22. Qb3 Qe6 23. e3 Nd7 24. Nd5 Rcc8 25. bxc6 bxc6 26. Nb4 Nc5 27. Qc2 Ne4 28. a4 Bc3 29. Na2 Ba5 30. Rfd1 Rd7 31. Rd4 Bb6 32. Rxe4 fxe4 33. Qxe4 Qf6 34. Nb4 Re7 35. Qd3 Rec7 36. Bxc6 Rxc6 37. Nxc6 Kg7 38. Nb4 Bc5 39. Nd5 Qh4 40. Qe4 Qg4+ 41. Kh1 Rf8 42. Nc7 Rf5 43. Ne6+ Kh6 1-0

[Event "Catalunya-chT Gp2"]
[Site "Barcelona"]
[Date "2017.02.04"]
[Round "3.2"]
[White "Pomes Marcet, Juan"]
[Black "Granados Gomez, Manuel"]
[Result "1-0"]
[WhiteElo "2338"]
[BlackElo "2397"]
[PlyCount "59"]
[EventDate "2017.01.21"]
[EventType "team-tourn"]
[EventRounds "7"]
[EventCountry "ESP"]
[SourceTitle "CBM 176 Extra"]
[Source "ChessBase"]
[SourceDate "2017.03.02"]
[SourceVersion "1"]
[SourceVersionDate "2017.03.02"]
[SourceQuality "1"]
[WhiteTeam "Terrassa"]
[BlackTeam "Foment Martinenc"]
[WhiteTeamCountry "ESP"]
[BlackTeamCountry "ESP"]

1. d4 d5 2. c4 c6 3. Nf3 Nf6 4. g3 dxc4 5. Bg2 b5 6. 0-0 Bb7 7. Nc3 e6 8. Ne5 Nd5 9. a4 a6 10. f4 Be7 11. e4 Nxc3 12. bxc3 0-0 13. f5 exf5 14. exf5 f6 15. Ng6 Rf7 16. Nxe7+ Rxe7 17. Ba3 Re3 18. Re1 Rxe1+ 19. Qxe1 Nd7 20. Qe6+ Kh8 21. Re1 Nb6 22. Qf7 Nxa4 23. Qxb7 Nxc3 24. Bd6 h5 25. Re6 Kh7 26. Qf7 Ne2+ 27. Kf1 Nxd4 28. Re7 Qh8 29. Qxf6 Ne2 30. Qg6+ 1-0